000 00532nab a2200133 4500
003 ES-SlBC
005 20210327223950.0
008 131002s2013 sp ||||| |||| 00| 0 spa d
040 _aES-SlBC
_bspa
100 1 _aZaragoza I Pascual, Ernesto
_946818
245 1 3 _aEl Colegio de Medicina y Cirugía y el Real Hospital de Santiago (1746-1801)
_cErnesto Zaragoza i Pascual
773 0 _gVol. 58, Nº. 1-2, 2013 , págs. 301-327
_tCompostellanum: Revista de la Archidiócesis de Santiago de Compostela
_wRev130
_x0573-2018
942 _2lcc
_cAR
999 _c447581
_d447581